Psychologie et marxisme (Record no. 106055)

MARC details
000 -LEADER
campo de control de longitud fija 00813nam a2200241 i 4500
001 - NÚMERO DE CONTROL
campo de control 106055
003 - IDENTIFICADOR DE NÚMERO DE CONTROL
campo de control ES-MaACL
005 - FECHA Y HORA DE LA ÚLTIMA TRANSACCIÓN
campo de control 20251013212806.0
007 - CAMPO FIJO DE DESCRIPCIÓN FÍSICA--INFORMACIÓN GENERAL
campo de control de longitud fija t|
008 - DATOS DE LONGITUD FIJA--INFORMACIÓN GENERAL
campo de control de longitud fija 060922s1975 fr ||||1| fre d
080 ## - NÚMERO DE LA CLASIFICACIÓN DECIMAL UNIVERSAL
Número de la Clasificación Decimal Universal 159.9 Wallon, Henri
100 1# - ENTRADA PRINCIPAL--NOMBRE DE PERSONA
Nombre de persona Zazzo, René.
9 (RLIN) 118128
245 10 - MENCIÓN DEL TÍTULO
Título Psychologie et marxisme
Resto del título : la vie et l'oeuvre de Henri Wallon /
Mención de responsabilidad, etc. René Zazzo ; postface de Jean Piaget.
260 ## - PUBLICACIÓN, DISTRIBUCIÓN, ETC.
Lugar de publicación, distribución, etc. [Paris] :
Nombre del editor, distribuidor, etc. Denoël/Gonthier,
Fecha de publicación, distribución, etc. [1975]
300 ## - DESCRIPCIÓN FÍSICA
Extensión 218 p. ;
Dimensiones 18 cm.
490 1# - MENCIÓN DE SERIE
Mención de serie Bibliothèque médiations ;
Designación de volumen o secuencia 132
500 ## - NOTA GENERAL
Nota general Biblioteca Juan Andrade.
600 17 - PUNTO DE ACCESO ADICIONAL DE MATERIA--NOMBRE DE PERSONA
Nombre de persona Wallon, Henri,
Fechas asociadas al nombre 1879-1962
Fuente del encabezamiento o término
9 (RLIN) 152275
700 1# - ENTRADA AGREGADA--NOMBRE PERSONAL
Nombre de persona Piaget, Jean,
Fechas asociadas al nombre 1896-1980
9 (RLIN) 91738
830 0# - PUNTO DE ACCESO ADICIONAL DE SERIE-TÍTULO UNIFORME
Título uniforme Bibliothèque médiations ;
Designación de volumen o secuencia 132
9 (RLIN) 185151
852 ## - LOCALIZACIÓN
Ubicación ES-MaACL
Número de control de estantería AND-829
Sublocalización o colección R.110121
Holdings
Estatus retirado Estado de pérdida Estado de daño No para préstamo Biblioteca de origen Biblioteca actual Ubicación en estantería Fecha de adquisición Fuente de adquisición Total de préstamos Signatura topográfica completa Código de barras Visto por última vez Precio de reemplazo Tipo de ítem Koha
        Biblioteca del Ateneo de Madrid Biblioteca del Ateneo de Madrid Depósito 2 17/01/2008     AND-829 1110717 23/02/2023 23/02/2023 Libro impreso